000 00401nam a22001097a 4500
040 _cRUA
082 _aVOL កសក 1995 C160 Or.
100 _aក្រសួងសេដ្ឋកិច្ច និងហិរញ្ញវត្ថុ, ក្រសួងពាណិជ្ជកម្ម
245 _aAsean Documents, ឯកសារអាស៊ាន
260 _a472p.
_bill.
_c29cm.
942 _cKB
999 _c25514
_d25514